Normal view
MARC view
- Funk, Rainer
Entry Nombre Personal
001 - NUMERO DE CONTROL
- campo de control: 47420
003 - IDENTIFICADOR DE NUMERO DE CONTROL
- campo de control: DLC
005 - FECHA Y HORA DE LA ÜLTIMA TRANSACCIÓN
- campo de control: 20221122130416.0
008 - DATOS DE LONGITUD FIJA
- campo de control de longitud fija: 820212n| azannaabn |b aaa
010 ## - NÚMERO DE CONTROL DE LA BIBLIOTECA DEL CONGRESO
- Número de control LC: n 82001396
035 ## - NUMERO DE CONTROL
- Número de control: (OCoLC)oca00698748
040 ## - FUENTE DE CATALOGACIÓN
- Agencia original de catalogación: DLC
- Lenguaje de catalogación: spa
- Description conventions: rda
- Agencia de transcripción: DLC
- Agencia que lo modifica: OCoLC
- Agencia que lo modifica: DNLM
- Agencia que lo modifica: MX-MxUPN
046 ## - FECHAS CON CODIFICACIÓN ESPECIAL
- Fecha de nacimiento: 1943
- Fuente del formato de fecha: edtf
100 1# - ENCABEZAMIENTO - NOMBRE PERSONAL
- Nombre personal: Funk, Rainer
670 ## - FUENTE EN LA QUE SE LOCALIZARON DATOS
- Cita de la fuente: Frömmigkeit zwischen Haben und Sein, 1977:
- Información localizada: portada (Rainer Funk)
670 ## - FUENTE EN LA QUE SE LOCALIZARON DATOS
- Cita de la fuente: Fromm, E. Gesamtausgabe, c1980-1981:
- Información localizada: v. 1, jkt (Dr. Rainer Funk; b. 1943)
670 ## - FUENTE EN LA QUE SE LOCALIZARON DATOS
- Cita de la fuente: Del tener al ser : caminos y extravíos de la conciencia, 1994:
- Información localizada: portada (Rainer Funk, editor)
902 ## - CATALOGADOR
- Catalogador: Víctor Ruiz/221122
